| 000 | 00581nam a2200217Ia 4500 | ||
|---|---|---|---|
| 003 | OSt | ||
| 005 | 20241101052332.0 | ||
| 008 | 240925s9999 xx 000 0 und d | ||
| 020 | _a9788177585919 | ||
| 040 | _cAACR 2 | ||
| 082 | _a003.83 BAN | ||
| 100 | _aBanks, Jerry | ||
| 245 | 0 | _aDiscrete-Event Systems Simulation | |
| 250 | _a4th | ||
| 260 |
_aNew Delhi: _bPearson Printice Hall _c,2007. |
||
| 300 |
_avii,646p. _bN.A _fOriginal |
||
| 500 | _aIncludes Index | ||
| 600 | _aComputer Science | ||
| 650 | _aComputer science, information & general works | ||
| 942 |
_cBK _2ddc |
||
| 999 |
_c10621 _d10621 |
||